[Event "Copenhagen Obro CXU New Year op"]
[Site "Copenhagen"]
[Date "2023.12.28"]
[Round "4"]
[White "Moe, Mogens"]
[Black "Mortensen, Henrik"]
[Result "1-0"]
[WhiteElo "2082"]
[BlackElo "1921"]
[PlyCount "65"]
[EventDate "2023.12.27"]
[EventType "swiss"]
[EventRounds "7"]
[EventCountry "DEN"]
[SourceTitle "CB01_2024"]
[SourceDate "2024.01.03"]
[SourceVersion "1"]
[SourceVersionDate "2024.01.03"]
[SourceQuality "1"]

1. e4 d5 2. exd5 Qxd5 3. Nc3 Qa5 4. Bc4 Nf6 5. d3 c6 6. Qe2 Bf5 7. Bd2 e6 8. h3 h6 9. g4 Bg6 10. h4 Nbd7 11. h5 Bh7 12. f4 Bb4 13. a3 0-0-0 14. Ba2 Bxc3 15. Bxc3 Qc7 16. Nh3 Nc5 17. 0-0-0 Rhg8 18. Rhg1 Nd5 19. Be5 Qe7 20. Qf2 b6 21. Rge1 Nd7 22. Bd4 Qd6 23. Qf3 f6 24. Bf2 Kb7 25. Bg3 Nc3 26. Bxe6 Rgf8 27. bxc3 Qxa3+ 28. Kd2 Nc5 29. Ra1 Nxd3 30. Rxa3 Ne5+ 31. Ke2 Nxf3 32. Kxf3 Bxc2 33. Nf2 1-0

[Event "Copenhagen Obro CXU New Year op"]
[Site "Copenhagen"]
[Date "2023.12.27"]
[Round "2"]
[White "Nagaraja, Anirudh"]
[Black "Mortensen, Henrik"]
[Result "0-1"]
[WhiteElo "1492"]
[BlackElo "1921"]
[PlyCount "76"]
[EventDate "2023.12.27"]
[EventType "swiss"]
[EventRounds "7"]
[EventCountry "DEN"]
[SourceTitle "CB01_2024"]
[SourceDate "2024.01.03"]
[SourceVersion "1"]
[SourceVersionDate "2024.01.03"]
[SourceQuality "1"]

1. e4 c5 2. Nf3 e6 3. d4 cxd4 4. Nxd4 Nf6 5. Nc3 Bb4 6. Bd3 e5 7. Nf3 d6 8. h3 h6 9. Bd2 Be6 10. 0-0 Qd7 11. a3 Bxc3 12. Bxc3 Nc6 13. Qe2 g5 14. Nh2 h5 15. Bc4 g4 16. Bxe6 Qxe6 17. h4 0-0-0 18. b4 d5 19. b5 Nxe4 20. bxc6 Nxc3 21. cxb7+ Kb8 22. Qd3 d4 23. Rfe1 f5 24. Nf1 e4 25. Qd2 Qe5 26. Ng3 f4 27. Nxe4 Nxe4 28. Qd3 Rhe8 29. Re2 Qd5 30. Rae1 Nd6 31. Rxe8 Rxe8 32. Rxe8+ Nxe8 33. Qg6 Nc7 34. Qf6 f3 35. g3 Kxb7 36. Qf4 Kc6 37. Qh6+ Qe6 38. Qxh5 Qe1+ 0-1

[Event "Koge Lang Jubilee Weekend Gr-2"]
[Site "Koge"]
[Date "2022.07.09"]
[Round "7"]
[White "Mortensen, Henrik"]
[Black "Refsgaard, Kaj"]
[Result "1-0"]
[WhiteElo "1884"]
[BlackElo "1703"]
[PlyCount "77"]
[EventDate "2022.07.06"]
[EventType "tourn"]
[EventRounds "9"]
[EventCountry "DEN"]
[SourceTitle "EXT 2024"]
[Source "ChessBase"]
[SourceDate "2023.10.10"]
[SourceVersion "1"]
[SourceVersionDate "2023.10.10"]
[SourceQuality "1"]

1. e4 c5 2. Ne2 Nc6 3. c4 g6 4. d4 cxd4 5. Nxd4 Bg7 6. Be3 Nf6 7. Nc3 0-0 8. f3 d6 9. Qd2 Bd7 10. Nc2 Qc8 11. Be2 Ne5 12. Na3 a6 13. 0-0 Rb8 14. Rfc1 Bc6 15. b4 Qe8 16. b5 axb5 17. cxb5 Bd7 18. h3 Ra8 19. Nc2 Be6 20. Nd4 Bc4 21. f4 Bxe2 22. fxe5 dxe5 23. Ndxe2 Rd8 24. Qb2 Rd3 25. Bf2 Qb8 26. Qc2 Rfd8 27. Rd1 Rxd1+ 28. Rxd1 Rxd1+ 29. Qxd1 Bh6 30. a4 Qc7 31. Qb3 Qd6 32. a5 Qd3 33. Qd1 Qc4 34. a6 bxa6 35. Qd8+ Kg7 36. b6 Nxe4 37. Qxe7 Nxf2 38. Qxe5+ f6 39. Qc7+ 1-0

[Event "DEN-ch G7-1"]
[Site "Svendborg"]
[Date "2016.03.22"]
[Round "1"]
[White "Mortensen, Henrik"]
[Black "Jensen, Tobias Ilsoe"]
[Result "0-1"]
[WhiteElo "1954"]
[BlackElo "2058"]
[PlyCount "48"]
[EventDate "2016.03.22"]
[EventType "swiss"]
[EventRounds "7"]
[EventCountry "DEN"]
[SourceTitle "EXT 2023"]
[Source "ChessBase"]
[SourceDate "2022.10.05"]
[SourceVersion "1"]
[SourceVersionDate "2022.10.05"]
[SourceQuality "1"]

1. Nf3 c5 2. b3 Nf6 3. Bb2 d5 4. e3 e6 5. Bb5+ Bd7 6. Bxd7+ Nbxd7 7. Ne5 Nxe5 8. Bxe5 Bd6 9. Bxd6 Qxd6 10. f4 0-0 11. 0-0 e5 12. fxe5 Qxe5 13. Na3 a6 14. c4 Rad8 15. Nc2 dxc4 16. bxc4 Rd3 17. Qe2 Rfd8 18. Rad1 Ne4 19. Nd4 Ra3 20. Rf5 Qe8 21. Nb3 Rxa2 22. Nxc5 Nc3 23. Qf3 Nxd1 24. Nxb7 Rdxd2 0-1

[Event "Gibraltar Challengers-B 12th"]
[Site "Caleta"]
[Date "2014.02.05"]
[Round "5"]
[White "Mortensen, Henrik"]
[Black "Nejanky, Maisa"]
[Result "1-0"]
[WhiteElo "1946"]
[BlackElo "2040"]
[PlyCount "83"]
[EventDate "2014.02.01"]
[EventType "swiss"]
[EventRounds "5"]
[EventCountry "GGB"]
[SourceTitle "CBM 158 Extra"]
[Source "ChessBase"]
[SourceDate "2014.02.28"]
[SourceVersion "1"]
[SourceVersionDate "2014.02.28"]
[SourceQuality "1"]

1. e4 c5 2. Ne2 Nc6 3. c4 g6 4. d4 cxd4 5. Nxd4 Bg7 6. Be3 d6 7. Nc3 Nf6 8. f3 0-0 9. Qd2 Bd7 10. Nc2 Qa5 11. Rb1 Rfc8 12. b3 Ng4 13. Na4 Nxe3 14. Nxe3 Qe5 15. Bd3 Bh6 16. 0-0 Qd4 17. f4 e5 18. g3 exf4 19. gxf4 Ne5 20. Rbd1 Bxa4 21. bxa4 d5 22. Be2 Qxd2 23. Rxd2 dxe4 24. Nd5 Kg7 25. Rd4 Nc6 26. Rxe4 Re8 27. Bd3 Rxe4 28. Bxe4 Re8 29. Bd3 f5 30. Kf2 Nd8 31. Rb1 Re6 32. a5 Rc6 33. Kf3 Ne6 34. Rxb7+ Kf8 35. Rxa7 Bg7 36. a6 Nc5 37. Ra8+ Kf7 38. a7 Ra6 39. Rc8 Rxa7 40. Rxc5 Rxa2 41. Rc7+ Kf8 42. c5 1-0

[Event "Gibraltar Challengers-B 12th"]
[Site "Caleta"]
[Date "2014.02.03"]
[Round "3"]
[White "Mortensen, Henrik"]
[Black "Schouten, Freek"]
[Result "1/2-1/2"]
[WhiteElo "1946"]
[BlackElo "2068"]
[PlyCount "103"]
[EventDate "2014.02.01"]
[EventType "swiss"]
[EventRounds "5"]
[EventCountry "GGB"]
[SourceTitle "CBM 158 Extra"]
[Source "ChessBase"]
[SourceDate "2014.02.28"]
[SourceVersion "1"]
[SourceVersionDate "2014.02.28"]
[SourceQuality "1"]

1. Nf3 d5 2. d4 Nf6 3. e3 c6 4. Bd3 Nbd7 5. Nbd2 e6 6. 0-0 Bd6 7. c3 0-0 8. e4 dxe4 9. Nxe4 Nxe4 10. Bxe4 Nf6 11. Bc2 h6 12. Re1 c5 13. Be3 b6 14. Qd2 Re8 15. Rad1 Bf8 16. Ne5 Qc7 17. Qd3 g6 18. Bf4 Bb7 19. Nxg6 Qc6 20. f3 fxg6 21. Qxg6+ Bg7 22. Be5 Rf8 23. Re4 Qe8 24. Qxe8 Raxe8 25. Re2 cxd4 26. Rxd4 Kf7 27. Bd6 Rg8 28. Ra4 a5 29. Rf4 b5 30. a4 Bc6 31. Bc7 bxa4 32. Bxa4 Bxa4 33. Rxa4 Nd5 34. Bxa5 Ra8 35. c4 Ne7 36. b4 Nc6 37. Rea2 Bc3 38. Bb6 Rxa4 39. Rxa4 Bxb4 40. Be3 h5 41. Ra6 Rc8 42. Kf2 Ne7 43. g4 hxg4 44. fxg4 Rxc4 45. h3 Bc5 46. Bxc5 Rxc5 47. Ra3 Ng6 48. Kg3 Rc4 49. Rf3+ Ke7 50. Re3 e5 51. h4 Kf6 52. Rf3+ 1/2-1/2

[Event "Gibraltar Challengers-B 12th"]
[Site "Caleta"]
[Date "2014.02.01"]
[Round "1"]
[White "Mortensen, Henrik"]
[Black "Amgalanbaatar, Ravdanlkhumbuu"]
[Result "0-1"]
[WhiteElo "1946"]
[BlackElo "2137"]
[PlyCount "134"]
[EventDate "2014.02.01"]
[EventType "swiss"]
[EventRounds "5"]
[EventCountry "GGB"]
[SourceTitle "CBM 158 Extra"]
[Source "ChessBase"]
[SourceDate "2014.02.28"]
[SourceVersion "1"]
[SourceVersionDate "2014.02.28"]
[SourceQuality "1"]

1. f4 d5 2. Nf3 Nf6 3. e3 b6 4. b3 Bb7 5. Bb2 Nbd7 6. Be2 e6 7. 0-0 c5 8. Na3 a6 9. c4 Bd6 10. Nc2 Qc7 11. d4 cxd4 12. Ncxd4 0-0 13. Rc1 Qb8 14. g3 Rd8 15. Qc2 h6 16. Rfd1 Nc5 17. Ba3 Ng4 18. Qb2 Nxe3 19. Re1 Ng4 20. b4 Ne4 21. c5 bxc5 22. bxc5 Bc7 23. Rb1 Ra7 24. c6 Ba8 25. Qc2 Qc8 26. Rec1 Bd6 27. Bxd6 Rxd6 28. Ne5 Ngf6 29. Qb2 Rd8 30. Qb6 Qc7 31. Bxa6 Ne8 32. Bb7 Ra5 33. a4 N4d6 34. Qxc7 Nxc7 35. Nb5 Nde8 36. Nd7 Rxa4 37. Nxc7 Nxc7 38. Nb6 Ra5 39. Nxa8 Nxa8 40. c7 Nxc7 41. Rxc7 Ra7 42. Rc8 Rxc8 43. Bxc8 g6 44. Rb2 Rc7 45. Ba6 Kg7 46. Kf2 Kf6 47. Re2 Rc3 48. Re3 Rc2+ 49. Re2 Rc5 50. h3 Ra5 51. Bd3 Ra4 52. Rb2 Ra3 53. Be2 g5 54. fxg5+ hxg5 55. Rc2 Ke5 56. Bf3 f5 57. Re2+ Kd6 58. Rd2 Ra5 59. Rb2 d4 60. Bb7 e5 61. Bc8 e4 62. g4 f4 63. Bf5 Ke5 64. Rb8 e3+ 65. Kf3 Ra3 66. h4 d3 67. Bxd3 Rxd3 0-1

[Event "Copenhagen Obro New Year op"]
[Site "Copenhagen"]
[Date "2013.12.28"]
[Round "3"]
[White "Nilssen, John Arni"]
[Black "Mortensen, Henrik"]
[Result "1-0"]
[WhiteElo "2366"]
[BlackElo "1938"]
[PlyCount "106"]
[EventDate "2013.12.27"]
[EventType "swiss"]
[EventRounds "7"]
[EventCountry "DEN"]
[SourceTitle "EXT 2018"]
[Source "ChessBase"]
[SourceDate "2017.10.13"]
[SourceVersion "1"]
[SourceVersionDate "2017.10.13"]
[SourceQuality "1"]

1. d4 Nf6 2. c4 e6 3. Nc3 Bb4 4. Qc2 0-0 5. a3 Bxc3+ 6. Qxc3 b6 7. Bg5 Bb7 8. f3 h6 9. Bh4 d5 10. e3 Nbd7 11. Nh3 c5 12. cxd5 cxd4 13. Qxd4 e5 14. Qd1 Bxd5 15. Nf2 Rc8 16. Bd3 Nc5 17. Bf5 Be6 18. Bxe6 Qxd1+ 19. Rxd1 Nxe6 20. Bxf6 gxf6 21. Ne4 Kg7 22. Rf1 Rc2 23. Rf2 Rfc8 24. Rxc2 Rxc2 25. Rd2 Rc7 26. Nd6 Kg6 27. g4 Rd7 28. h4 Nd4 29. h5+ Kh7 30. exd4 Rxd6 31. dxe5 Re6 32. Rd7 Rxe5+ 33. Kf2 Kg7 34. Rxa7 Rd5 35. Ke3 f5 36. Rb7 fxg4 37. fxg4 Rd6 38. Rb8 Kf6 39. Rg8 Re6+ 40. Kd4 Rc6 41. a4 Rc5 42. b4 Rc1 43. Rb8 Rc6 44. Kd5 Re6 45. Rg8 Ke7 46. g5 hxg5 47. Rxg5 Kf6 48. Rg1 Re5+ 49. Kc6 Rxh5 50. Kxb6 Ke5 51. a5 f5 52. a6 Rh6+ 53. Ka5 Kd5 1-0

[Event "Copenhagen Obro New Year op"]
[Site "Copenhagen"]
[Date "2013.12.27"]
[Round "1"]
[White "Stojanovski, Sandi"]
[Black "Mortensen, Henrik"]
[Result "1/2-1/2"]
[WhiteElo "2296"]
[BlackElo "1938"]
[PlyCount "152"]
[EventDate "2013.12.27"]
[EventType "swiss"]
[EventRounds "7"]
[EventCountry "DEN"]
[SourceTitle "EXT 2018"]
[Source "ChessBase"]
[SourceDate "2017.10.13"]
[SourceVersion "1"]
[SourceVersionDate "2017.10.13"]
[SourceQuality "1"]

1. d4 Nf6 2. c4 e6 3. Nc3 Bb4 4. e3 0-0 5. Bd3 c5 6. Nf3 d5 7. 0-0 Nc6 8. a3 Bxc3 9. bxc3 b6 10. a4 Qc7 11. Ba3 Na5 12. cxd5 exd5 13. Ne5 Re8 14. f3 c4 15. Bc2 Nc6 16. Nxc6 Qxc6 17. Qd2 Bb7 18. Rae1 Qd7 19. Qf2 Bc6 20. Qh4 Bxa4 21. Bb1 h6 22. h3 b5 23. e4 a5 24. e5 Nh7 25. f4 Rab8 26. Bd6 Rb7 27. f5 b4 28. f6 Nxf6 29. Rxf6 Qd8 30. Qg3 bxc3 31. Rff1 c2 32. Ba2 Qb6 33. Qc3 Qb2 34. Qxb2 Rxb2 35. Ra1 Bb3 36. Bxb3 cxb3 37. Ba3 Ra2 38. Rxa2 bxa2 39. Ra1 Rb8 40. Rxa2 Rb1+ 41. Kh2 c1Q 42. Bxc1 Rxc1 43. Rxa5 Rd1 44. Rxd5 Kf8 45. Rd7 Ke8 46. e6 fxe6 47. Rxg7 Rxd4 48. Rh7 e5 49. Rxh6 Kf7 50. Kg3 Rf4 51. Ra6 Ke7 52. h4 Kf7 53. h5 Ke7 54. Kh3 Kf7 55. Ra3 Kf6 56. Rg3 Rf1 57. Kh4 e4 58. Kg4 Rf5 59. Kh4 Rf1 60. Rg8 Rh1+ 61. Kg4 Kf7 62. Rg5 Kf6 63. Rf5+ Ke6 64. Rf8 Ke5 65. Kg5 e3 66. Re8+ Kd4 67. h6 Kd3 68. g4 e2 69. Kg6 e1Q 70. Rxe1 Rxe1 71. h7 Rh1 72. Kg7 Ke4 73. g5 Kf5 74. g6 Rh2 75. h8Q Rxh8 76. Kxh8 Kxg6 1/2-1/2

[Event "Politiken Cup 34th"]
[Site "Helsingor"]
[Date "2012.08.04"]
[Round "9"]
[White "Mortensen, Henrik"]
[Black "Hinrichs, Lars"]
[Result "0-1"]
[WhiteElo "2018"]
[BlackElo "1877"]
[PlyCount "62"]
[EventDate "2012.07.28"]
[EventType "swiss"]
[EventRounds "10"]
[EventCountry "DEN"]
[SourceTitle "CBM 149 Extra"]
[Source "ChessBase"]
[SourceDate "2012.08.24"]
[SourceVersion "1"]
[SourceVersionDate "2012.08.24"]
[SourceQuality "1"]

1. d4 Nf6 2. Nc3 d5 3. Bg5 e6 4. e4 Be7 5. e5 Nfd7 6. Bxe7 Qxe7 7. f4 a6 8. Nf3 c5 9. Bd3 Nc6 10. 0-0 cxd4 11. Ne2 Qb4 12. Ng3 Nc5 13. f5 Nxd3 14. Qxd3 Qc4 15. Rad1 Qxd3 16. Rxd3 0-0 17. fxe6 Bxe6 18. Nxd4 Nxe5 19. Nxe6 fxe6 20. Re3 Rxf1+ 21. Kxf1 Nc4 22. Rxe6 Nxb2 23. Rb6 Nc4 24. Rxb7 Ne3+ 25. Ke2 Re8 26. Kd3 g6 27. Ra7 Re6 28. Rd7 Nxg2 29. Ne2 Ne1+ 30. Kd2 Nf3+ 31. Kd3 Ne5+ 0-1

[Event "Politiken Cup 34th"]
[Site "Helsingor"]
[Date "2012.08.01"]
[Round "6"]
[White "Nielsen, Peter"]
[Black "Mortensen, Henrik"]
[Result "0-1"]
[WhiteElo "1801"]
[BlackElo "2018"]
[PlyCount "52"]
[EventDate "2012.07.28"]
[EventType "swiss"]
[EventRounds "10"]
[EventCountry "DEN"]
[SourceTitle "CBM 149 Extra"]
[Source "ChessBase"]
[SourceDate "2012.08.24"]
[SourceVersion "1"]
[SourceVersionDate "2012.08.24"]
[SourceQuality "1"]

1. e4 Nf6 2. e5 Nd5 3. d4 d6 4. Nf3 Bg4 5. Be2 c6 6. 0-0 Bxf3 7. Bxf3 dxe5 8. dxe5 e6 9. Qe2 Nd7 10. c4 Ne7 11. Bf4 Ng6 12. Bg3 Qc7 13. Re1 Bb4 14. Nc3 0-0 15. a3 Bxc3 16. bxc3 Nc5 17. Qc2 Rad8 18. Re3 Rd7 19. h4 Rfd8 20. Ra2 Rd3 21. Rxd3 Nxd3 22. Be4 Nc5 23. h5 Nxe4 24. Qxe4 Nf8 25. Qe3 Qd7 26. Qxa7 Qd1+ 0-1

[Event "Politiken Cup 34th"]
[Site "Helsingor"]
[Date "2012.07.31"]
[Round "5"]
[White "Mortensen, Henrik"]
[Black "Mouritsen, Jan"]
[Result "1/2-1/2"]
[WhiteElo "2018"]
[BlackElo "1822"]
[PlyCount "113"]
[EventDate "2012.07.28"]
[EventType "swiss"]
[EventRounds "10"]
[EventCountry "DEN"]
[SourceTitle "CBM 149 Extra"]
[Source "ChessBase"]
[SourceDate "2012.08.24"]
[SourceVersion "1"]
[SourceVersionDate "2012.08.24"]
[SourceQuality "1"]

1. e4 e6 2. d4 d5 3. Nd2 Nf6 4. e5 Nfd7 5. c3 c5 6. f4 Nc6 7. Ndf3 Qb6 8. h4 cxd4 9. cxd4 Be7 10. g3 0-0 11. Bh3 Re8 12. Ne2 Nf8 13. Kf1 Bd7 14. Kg2 Rac8 15. Rf1 Nb4 16. Nc3 Bb5 17. Nxb5 Qxb5 18. Rf2 Rc7 19. a3 Nd3 20. Rd2 Nxc1 21. Rxc1 Rec8 22. Rdc2 Rxc2+ 23. Rxc2 Qb3 24. Ne1 Bxa3 25. bxa3 Rc3 26. Kh2 Rxg3 27. Bg2 Qe3 28. Qd2 Qxa3 29. Qf2 Re3 30. Nf3 b5 31. f5 Rc3 32. Rxc3 Qxc3 33. Qd2 Qxd2 34. Nxd2 a5 35. Bf1 b4 36. Bb5 exf5 37. Nb3 Ne6 38. Kg3 h6 39. Bc6 g5 40. hxg5 hxg5 41. Kf3 Kg7 42. Ke3 g4 43. Nxa5 f4+ 44. Kd3 f3 45. Ke3 f2 46. Bb5 g3 47. Bf1 Ng5 48. Nb3 Ne4 49. Nc5 f5 50. exf6+ Kxf6 51. Nxe4+ dxe4 52. Kxe4 b3 53. Kd3 Kf5 54. Bg2 b2 55. Kc2 f1Q 56. Bxf1 Ke4 57. Kxb2 1/2-1/2

[Event "Gibraltar Masters 10th"]
[Site "Caleta"]
[Date "2012.01.25"]
[Round "2"]
[White "Loew, Gerald"]
[Black "Mortensen, Henrik"]
[Result "1-0"]
[WhiteElo "2251"]
[BlackElo "2012"]
[PlyCount "59"]
[EventDate "2012.01.24"]
[EventType "swiss"]
[EventRounds "10"]
[EventCountry "GGB"]
[SourceTitle "CBM 147"]
[Source "ChessBase"]
[SourceDate "2012.03.16"]
[SourceVersion "1"]
[SourceVersionDate "2012.03.16"]
[SourceQuality "1"]

1. c4 Nf6 2. g3 c6 3. Bg2 d5 4. Nf3 e6 5. Qc2 Be7 6. 0-0 Nbd7 7. d4 Ne4 8. Nfd2 f5 9. f3 Nxd2 10. Nxd2 Nf6 11. Qd3 0-0 12. e4 b6 13. b3 Ba6 14. Bb2 Qd7 15. Rad1 b5 16. cxd5 cxd5 17. exf5 exf5 18. Rfe1 g6 19. Bf1 Bb4 20. a3 Bd6 21. b4 f4 22. g4 Rae8 23. h3 Qg7 24. Nb3 Qh6 25. Nc5 Bc8 26. Re5 Qh4 27. Bc3 Bxe5 28. dxe5 Qg3+ 29. Bg2 Nxg4 30. hxg4 1-0